|
|
|
|
| LEADER |
00000naa2a2200000 4500 |
| 001 |
77354 |
| 005 |
20251202105452.0 |
| 035 |
|
|
|a (RuTPU)RU\TPU\book\82954
|
| 090 |
|
|
|a 77354
|
| 100 |
|
|
|a 20050519d2002 k y0rusy50 ca
|
| 101 |
0 |
|
|a rus
|
| 102 |
|
|
|a RU
|
| 200 |
1 |
|
|a Определение передаточного отношения и числа зубьев передачи с разгруженным сепаратором
|f Е. А. Ефременков, А. К. Мартынов
|
| 320 |
|
|
|a Библиогр.: 2 назв.
|
| 330 |
|
|
|a Рассматривается одноступенчатая схема передачи с разгруженным сепаратором (ПЕРС). Движение в одноступенчатой передаче передается от генератора через тела качения, которые обкатываются по профилю венца (жестко установленного в корпусе), на кулачок, соединенный с выходным валом при помощи кардана. Соотношение количества профилей колес и числа тел качения определяется следующим выражением: Z1=Z2-1, Z3=Z2+1, где Z1 - профилей кулачка; Z2 - количество тел качения; Z3 - количество профилей венца. Рассмотренная передача имеет принцип работы сходный с планетарной передачей. Кулачок и находящиеся в сепараторе тела качения представляют собой колеса с движущимися геометрическими осями и являются своеобразными сателлитами, а эксцентриковый генератор - водилом. Таким образом, к механизму применима формула Виллиса для передаточного отношения: U(h)14=ω1-ωn/ω4-ωn, где ω1, ωn, ω4 - угловые скорости входного, промежуточного и выходного звеньев; U(h)14 - передаточное отношение механизма при неподвижном промежуточном звене.
|
| 461 |
|
1 |
|0 (RuTPU)RU\TPU\book\45612
|t Современные техника и технологии - СТТ' 2002
|o труды VIII международной научно-практической конференции студентов, аспирантов и молодых ученых, Томск, 8-12 апреля 2002 г.
|f Томский политехнический университет
|d 2002-
|
| 463 |
|
1 |
|0 (RuTPU)RU\TPU\book\44697
|t Т. 1
|f отв. ред. А. С. Заворин
|v С. 187-189
|d 2002
|
| 610 |
1 |
|
|a сепараторы
|
| 610 |
1 |
|
|a передаточное отношение
|
| 610 |
1 |
|
|a схема передачи
|
| 610 |
1 |
|
|a разгруженные сепараторы
|
| 610 |
1 |
|
|a одноступенчатая передача
|
| 610 |
1 |
|
|a тела качения
|
| 610 |
1 |
|
|a кулачки
|
| 610 |
1 |
|
|a формула Виллиса
|
| 610 |
1 |
|
|a эксцентриковые генераторы
|
| 610 |
1 |
|
|a труды учёных ТПУ
|
| 700 |
|
1 |
|a Ефременков
|b Е. А.
|c специалист в области машиностроения
|c доцент Томского политехнического университета, кандидат технических наук
|f 1975-
|g Егор Алексеевич
|3 (RuTPU)RU\TPU\pers\25819
|9 11692
|
| 701 |
|
1 |
|a Мартынов
|b А. К.
|c российский ученый
|c профессор кафедры компьютеризации машиносторения Томского политехнического университета
|f 1932-
|g Анатолий Кузьмич
|3 (RuTPU)RU\TPU\pers\19837
|4 070
|
| 801 |
|
1 |
|a RU
|b 63413507
|c 20050519
|g PSBO
|
| 801 |
|
2 |
|a RU
|b 63413507
|c 20140531
|g RCR
|
| 942 |
|
|
|c BK
|